[Event "Lodz Spring"]
[Site "Lodz"]
[Date "2007.05.21"]
[Round "3"]
[White "Strejczek, Marek"]
[Black "Wojna, Grzegorz"]
[Result "1-0"]
[WhiteElo "2125"]
[BlackElo "2069"]
[PlyCount "43"]
[EventDate "2007.05.19"]
[EventType "tourn"]
[EventRounds "9"]
[EventCountry "POL"]
[SourceTitle "EXT 2011"]
[Source "ChessBase"]
[SourceDate "2010.11.26"]
[SourceVersion "1"]
[SourceVersionDate "2010.11.26"]
[SourceQuality "1"]

1. d4 d5 2. Nf3 Nf6 3. c4 e6 4. Nc3 Be7 5. Bg5 0-0 6. e3 h6 7. Bh4 b6 8. Bd3 Bb7 9. 0-0 Nbd7 10. Qe2 a6 11. Rfd1 c5 12. Rac1 dxc4 13. Bxc4 b5 14. Bb3 Ne4 15. Nxe4 Bxe4 16. Bg3 Qb6 17. Ne5 Rad8 18. Nxd7 Rxd7 19. dxc5 Rxd1+ 20. Qxd1 Bxc5 21. Qh5 Bg6 22. Qxc5 1-0

[Event "Lodz Spring"]
[Site "Lodz"]
[Date "2007.05.19"]
[Round "1"]
[White "Strejczek, Marek"]
[Black "Flis, Pawel"]
[Result "1-0"]
[WhiteElo "2125"]
[BlackElo "2041"]
[PlyCount "83"]
[EventDate "2007.05.19"]
[EventType "tourn"]
[EventRounds "9"]
[EventCountry "POL"]
[SourceTitle "EXT 2011"]
[Source "ChessBase"]
[SourceDate "2010.11.26"]
[SourceVersion "1"]
[SourceVersionDate "2010.11.26"]
[SourceQuality "1"]

1. d4 Nf6 2. c4 c5 3. Nf3 cxd4 4. Nxd4 e5 5. Nb5 d5 6. cxd5 Bc5 7. e3 0-0 8. N1c3 a6 9. Na3 b5 10. Nc2 b4 11. Na4 Bd6 12. b3 Bf5 13. Bc4 Qc7 14. f3 Bxc2 15. Qxc2 Nxd5 16. Qe4 Nc3 17. Qxa8 Nxa4 18. Qe4 Nc3 19. Qc2 e4 20. f4 Qb6 21. 0-0 Bc5 22. Re1 Nd7 23. a3 a5 24. axb4 axb4 25. Bd2 Nf6 26. Ra6 Qb8 27. Rc6 Be7 28. Ra1 Qb7 29. Rca6 Re8 30. Bxc3 bxc3 31. Qxc3 Bc5 32. Bxf7+ Qxf7 33. Qxc5 Qxb3 34. Ra8 Rxa8 35. Rxa8+ Kf7 36. Rf8+ Ke6 37. Qe5+ Kd7 38. Qd4+ Ke7 39. Qc5+ Ke6 40. f5+ Kd7 41. Qc8+ Kd6 42. Rd8+ 1-0

[Event "Polanica Zdroj op-B"]
[Site "Polanica Zdroj"]
[Date "1999.??.??"]
[Round "7"]
[White "Polkowski, Piotr"]
[Black "Strejczek, Marek"]
[Result "1-0"]
[WhiteElo "2221"]
[BlackElo "2111"]
[PlyCount "118"]
[EventDate "1999.??.??"]
[EventType "swiss"]
[EventRounds "10"]
[EventCountry "POL"]
[SourceTitle "EXT 2001"]
[Source "ChessBase"]
[SourceDate "2000.11.22"]
[SourceVersion "1"]
[SourceVersionDate "2000.11.22"]
[SourceQuality "1"]

1. e4 c5 2. Nc3 Nc6 3. f4 g6 4. Nf3 Bg7 5. Bc4 e6 6. d3 Nge7 7. 0-0 0-0 8. Qe1 d5 9. Bb3 a6 10. a4 Rb8 11. Kh1 b5 12. Ba2 c4 13. Nd1 dxe4 14. dxe4 Bb7 15. Bd2 Nd4 16. Ba5 Qc8 17. Nxd4 Bxd4 18. Bb4 Re8 19. Bd6 Ra8 20. c3 Bc5 21. Be5 Nc6 22. Bf6 Nb8 23. Nf2 h5 24. Bb1 Nd7 25. Bh4 Qc6 26. Nh3 Be7 27. axb5 axb5 28. Rxa8 Bxa8 29. Bxe7 Rxe7 30. Qh4 f6 31. Qg3 Nf8 32. Rd1 Rd7 33. Qe1 Kf7 34. Ng1 Rxd1 35. Qxd1 f5 36. Nf3 Ke7 37. Qd4 Qd7 38. exf5 Qxd4 39. Nxd4 exf5 40. Nxb5 Ne6 41. Kg1 Nxf4 42. g3 Ne6 43. Kf2 Bd5 44. Ke3 Kf6 45. Ba2 g5 46. Na3 f4+ 47. gxf4 gxf4+ 48. Kf2 Nc5 49. Bxc4 Ne4+ 50. Ke1 Bb7 51. Bf1 f3 52. Bd3 Kf5 53. Nc4 Kf4 54. Bxe4 Bxe4 55. Kf2 Bd3 56. Ne3 Be2 57. c4 Ke4 58. b4 Kd4 59. c5 Bb5 1-0

[Event "Jantar Baltyku op-A"]
[Site "Poland"]
[Date "1998.??.??"]
[Round "?"]
[White "Maciejewski, Miroslaw"]
[Black "Strejczek, Marek"]
[Result "1-0"]
[WhiteElo "2310"]
[BlackElo "2130"]
[PlyCount "35"]
[EventDate "1998.??.??"]
[EventType "swiss"]
[EventRounds "7"]
[EventCountry "POL"]
[SourceTitle "EXT 2003"]
[Source "ChessBase"]
[SourceDate "2002.11.25"]
[SourceVersion "1"]
[SourceVersionDate "2002.11.25"]
[SourceQuality "1"]

1. Nf3 Nf6 2. c4 e6 3. Nc3 c5 4. e3 Be7 5. d4 cxd4 6. exd4 0-0 7. Bd3 b6 8. 0-0 Bb7 9. d5 exd5 10. cxd5 Bb4 11. Bg5 Bxc3 12. bxc3 h6 13. Bh4 Bxd5 14. Bc2 Bc4 15. Re1 d5 16. Ne5 Re8 17. Bxf6 Qxf6 18. Nxc4 1-0

[Event "POL-ch U18"]
[Site "Krynica"]
[Date "1998.??.??"]
[Round "?"]
[White "Szczechowicz, Bartosz"]
[Black "Strejczek, Marek"]
[Result "1/2-1/2"]
[WhiteElo "2275"]
[BlackElo "2130"]
[PlyCount "76"]
[EventDate "1998.??.??"]
[EventType "swiss"]
[EventRounds "11"]
[EventCountry "POL"]
[SourceTitle "EXT 2002"]
[Source "ChessBase"]
[SourceDate "2001.11.25"]
[SourceVersion "1"]
[SourceVersionDate "2001.11.25"]
[SourceQuality "1"]

1. d4 Nf6 2. c4 e6 3. Nc3 Bb4 4. Nf3 c5 5. dxc5 Ne4 6. Qd4 Qf6 7. a3 Qxd4 8. Nxd4 Bxc3+ 9. bxc3 Nxc5 10. Nb5 Nba6 11. g3 Nb3 12. Rb1 Nxc1 13. Rxc1 Ke7 14. Rd1 Nc5 15. Bg2 Rd8 16. Nd6 Rb8 17. 0-0 b6 18. f4 Bb7 19. e4 f6 20. f5 e5 21. Rf2 Ba6 22. Rb2 Nb7 23. Nxb7 Bxb7 24. c5 Bc6 25. Rdb1 Ra8 26. Kf2 bxc5 27. Ke3 Kd6 28. Bf1 Kc7 29. Bb5 Rab8 30. Bxc6 Rxb2 31. Rxb2 Kxc6 32. c4 g6 33. Rf2 Rg8 34. fxg6 Rxg6 35. Rb2 Kc7 36. Rb5 d6 37. Ra5 Kb6 38. Rb5+ Kc7 1/2-1/2